LEADER 01056nam0-22003131i-450 001 990001788640403321 005 20190529131427.0 035 $a000178864 035 $aFED01000178864 035 $a(Aleph)000178864FED01 035 $a000178864 100 $a20021010d1972----km-y0itay50------ba 101 0 $aita 200 1 $aLineamenti di politica forestale e proposte di revisione del processo di liquidazione degli usi civici nella Regione Campania$fAntonio Postiglione. 210 $aFirenze$c...$d1972. 215 $a30 p.$d26 cm 300 $aEstr. da: L'Italia forestale e montana, 27(1972), n. 5 610 0 $aUsi civici 610 0 $aCampania 676 $a343.076 700 1$aPostiglione,$bAntonio$0356745 801 0$aIT$bUNINA$gRICA$2UNIMARC 901 $aLG 912 $a990001788640403321 952 $a60 OP. 132/16$b4518$fFAGBC 959 $aFAGBC 996 $aLineamenti di politica forestale e proposte di revisione del processo di liquidazione degli usi civici nella Regione Campania$9408008 997 $aUNINA DB $aING01 LEADER 01284nam--2200385---450- 001 990006162770203316 005 20160725152145.0 010 $a978-88-15-25836-6 035 $a000616277 035 $aUSA01000616277 035 $a(ALEPH)000616277USA01 035 $a000616277 100 $a20160725d2015----km-y0itay50------ba 101 $aita$cger 102 $aIT 105 $a||||||||001yy 200 1 $a<> fenomeno fondamentale dello sviluppo economico$eDue capitoli dalla Theorie der wirtschaftlichen Entwicklung (1911)$fJoseph A. Schumpeter$ga cura di Adelino Zanini 210 $aBologna$cIl mulino$d2015 215 $a200 p.$d22 cm 225 2 $aPercorsi$iScienza politica 410 1$12001$aPercorsi$iScienza politica 454 1$12001$aTheorie der wirtschaftlichen Entwicklung$924002 606 0 $aSviluppo economico$2BNCF 676 $a339.5 700 1$aSCHUMPETER,$bJoseph A.$050457 702 1$aZANINI,$bAdelino 801 0$aIT$bsalbc$gISBD 912 $a990006162770203316 951 $a339.5 SCH 2$b21685 E.C.$c339.5$d390073 959 $aBK 969 $aUMA 979 $aALESSANDRA$b90$c20160725$lUSA01$h1508 979 $aALESSANDRA$b90$c20160725$lUSA01$h1521 996 $aTheorie der Wirtschaftlichen Entwicklung$924002 997 $aUNISA